000 00678nam a2200205Ii 4500
003 JO-AjNU
008 230605s9999||||xx |||||||||||||| ||und||
040 _aJO-AjNU
_bara
_erda
_cJO-AjNU
041 _aara
050 1 4 _aLB41.N375 1981
100 3 _aناصر، إبراهيم,
_eauthor
_959396
245 0 0 _aمقدمة في التربية
250 _aط4
264 3 1 _aعمان: الجامعة الاردنية: المؤلف، 1981
300 _a263ص
_bيشتمل على مراجع257-263ص
336 _atext
_btxt
_2rdacontent
337 _aunmediated
_bn
_2rdamedia
338 _avolume
_bnc
_2rdacarrier
650 4 _aالتربية والتعليم-فلسفة
_959397
999 _aA26726
_c30294
_d30294